Estado de la conservación ex situ de los recursos fitogenéticos cultivados y silvestres en Chile
保存先:
| 主要な著者: | , , , |
|---|---|
| フォーマット: | 図書 |
| 言語: | スペイン語 |
| 出版事項: |
Santiago
INIA
2006
|
| シリーズ: | Boletín INIA, 156
|
| 主題: | |
| タグ: |
タグ追加
タグなし, このレコードへの初めてのタグを付けませんか!
|
MARC
| LEADER | 00000nam a2200000 a 4500 | ||
|---|---|---|---|
| 001 | UCI6400 | ||
| 003 | CL-VaPUC | ||
| 008 | 080509e20060000CL |||||||||||||||||spa|d | ||
| 082 | 0 | 4 | |a 581.35 |b SAL |2 21 |
| 100 | 0 | |a Salazar Suazo, Erika |e author |9 529290 | |
| 700 | |a León-Lobos, Pedro |e author |9 595946 | ||
| 700 | 0 | |a Rosas Cerda, Marcelo |e author |9 529292 | |
| 700 | 0 | |a Muñoz Schick, Carlos |e author |9 529293 | |
| 245 | 1 | 0 | |a Estado de la conservación ex situ de los recursos fitogenéticos cultivados y silvestres en Chile |
| 300 | |a 181 p | ||
| 942 | |c BK | ||
| 945 | |d 20080509 00:00:00 |a rbrito | ||
| 260 | |a Santiago |b INIA |c 2006 | ||
| 650 | 0 | |a Recursos genéticos |9 393131 | |
| 650 | 0 | |a Cultivo |9 264268 | |
| 650 | 0 | |a Almacenamiento |9 341876 | |
| 650 | 0 | |a Vegetales |9 264557 | |
| 650 | 7 | |a GERMOPLASMA |2 CL-VaPUC |9 418787 | |
| 583 | |a last modification |c 20171117 09:59:34 |k Rodrigo Vera | ||
| 490 | 0 | |a Boletín INIA, 156 | |
| 999 | |c 329915 |d 329913 | ||
| 952 | |0 0 |1 0 |4 0 |6 581_350000000000000_SAL_2006 |7 0 |8 A |9 415125 |a BIBAGR |b BIBAGR |d 2019-11-22 |i 4436970 |l 1 |o 581.35 SAL 2006 |p 4436970 |r 2025-01-20 |s 2023-08-24 |w 2019-11-22 |y BK |k AGR | ||